Les animaux en "H" - Statistiques

Statistiques générales
  • Ce quiz a été pris 1 247 fois
  • Le résultat moyen est 7 sur 16
Statistiques - réponses
Animaux % Correct
Hibou
85%
Hippopotame
71%
Herisson
68%
Heron
62%
Hippocampe
58%
Hyene
53%
Hirondelle
49%
Hamster
38%
Hareng
31%
Huitre
31%
Hanneton
28%
Hermine
28%
Homard
25%
Hulotte
25%
Harfang
15%
Humain
7%
Aucun quiz correspondant
Distribution des résultats
% des personnes avec chaque résultat
Percentile par nombre de réponses
Votre historique - résultats
Vous n’avez pas pris ce quiz